00847nam a2200241 a 450000100060000000300090000600800410001502000180005604000280007408200180010210000350012024500680015525000060022326000310022930000300026049000350029065000440032565000410036965000260041094200120043699900170044895201400046525307CO-ViMGA141112s2004 ck r 000 u spa d a9789587113273 aCO-ViMGAbspacCO-ViMGA04a340.092 I719e1 aIsaza Cadavid, Germán93858210aEstatuto de los abogados : banotado / cGermán Cadavid Isaza a9 aColombia : bLeyer, c2008 aviii, 190 p. xix, : 20 cm aColección Códigos anotados14aAbogados - Estatutos - Colombia 93858314aDerecho - ética profesional93858414aética legal 932470 2ddccBK c32916d32916 00102ddc40708002aMEVIECARbMEVIECARd2015-12-04h31/oct/2013l0o340.092 I719e p26308r2015-12-04 00:00:00tEj. 1w2015-12-04yBK